000 00831nam a22002777a 4500
001 000330
003 DO-SdBNP
005 20171212120910.0
007 000330
008 160628b 2011 mx ||||| |||| 00| 0 spa d
020 _a9786071111166
040 _aBPMSU
_bspa
_cBPMSU
082 4 _a813
_bG886a
100 1 _aGruen, Sara
240 1 0 _aWater for elephants.
_l Español
245 1 0 _aAgua para elefantes /
_cSara Gruen ; traducción de Manu Berástegui
260 _aMéxico, D. F. :
_bPunto de Lectura,
_c2011.
300 _a534 p.
_c19 cm.
650 4 _aNOVELA ESTADOUNIDENSE
650 4 _aLITERATURA ESTADOUNIDENSE
700 1 2 _aBerástegui, Manu
_etrad.
910 _aValidado. Control de calidad MFF
942 _2ddc
_cBK
945 _aInventariado, 2017/MFF
956 _2LOPEREZ
_310
_620160628
_8BPMSU
_a00041
999 _c10620
_d10620